Drapeaux rouges et blancs - Mort subite - Statistiques

Statistiques générales
  • Ce quiz a été pris 226 fois
  • Le résultat moyen est 13 sur 17
Answers on the Grid
Answers color-coded by a green-red scale on the quiz's grid according to % correct below.
Albanie
Argentine
Autriche
Bahreïn
Canada
Chine
Danemark
Dominique
Timor Oriental
Géorgie
Grèce
Indonésie
Japon
Lettonie
Liechtenstein
Luxembourg
Maldives
Monaco
Marocv
Népal
Nigeria
Papouasie-Nouvelle-Guinée
Paraguay
Pérou
Pologne
Qatar
Samoa
Singapour
Suisse
Tonga
Trinité-et-Tobago
Tunisie
Turquie
Viêt Nam
 
Statistiques - réponses
Réponse % Correct
Canada
96%
Autriche
90%
Japon
88%
Danemark
85%
Pologne
84%
Suisse
84%
Monaco
83%
Indonésie
79%
Turquie
79%
Tunisie
77%
Géorgie
75%
Pérou
72%
Singapour
71%
Bahreïn
66%
Qatar
55%
Tonga
50%
Lettonie
47%
Aucun quiz correspondant
Distribution des résultats
% des personnes avec chaque résultat
Percentile par nombre de réponses
Votre historique - résultats
Vous n’avez pas pris ce quiz